00806 2200277 4500001002100000005001500021035002000036007000300056008004100059020001800100082000800118084001400126100003000140245003900170250001000209260004400219300001100263500018400274650001800458856001700476990000700493990000700500990000700507990000700514990000700521INLIS00000000000007420220126092623 a0010-0122000074ta220126 g 0 ind  a9786028225052 a004 a004 TIM s0 aTim Bina Sumber Daya Mipa1 aSerial Misteri Sainsku :bKomputer aed. 1 aJakarta :bBina Sumber Daya Mipa,c2008 a32 hlm aBuku ini ditujukan bagi para peserta didik yang tahu bahwa sangat banyak yang belum mereka ketahui tentang benda-benda hasil teknologi berikut komponen-komponen yang membentuknya. 4aIlmu Komputer aKoleksi Umum a23 a24 a25 a26 a27